| 000 | 00587nam a2200241 a 4500 | ||
|---|---|---|---|
| 001 | nice12345678 | ||
| 003 | IN_TiNIC | ||
| 005 | 20260116011714.0 | ||
| 008 | 050524s1962 u sa grp 000 0 eng | ||
| 020 |
_a _c132.75 |
||
| 082 | 0 | 0 |
_a268.6 _bMIL |
| 100 | _aMiller, Randolph Crump | ||
| 245 | _aYour Child`s Religion. | ||
| 260 |
_aU S a _bDoubleday and Co. _c1962 |
||
| 300 | _a164p | ||
| 500 | _aincludes index and biblioraphy | ||
| 505 | 2 | _aIndex | |
| 650 | _aChristian-Education | ||
| 700 | 1 | _aMiller, Randolph Crump | |
| 902 | _bSRS | ||
| 942 | _cBK | ||
| 999 |
_c3473 _d3473 |
||